[Event "Charlesbourg Festival 1"]
[Site "Charlesbourg CAN"]
[Date "2011.06.27"]
[Round "4"]
[White "Dorion, Francois"]
[Black "Cote, Jocelyn"]
[Result "1-0"]
[WhiteElo "1738"]
[BlackElo "1711"]
[PlyCount "51"]
[GameId "2160767909704268"]
[EventDate "2011.06.06"]
[EventType "swiss"]
[EventRounds "5"]
[EventCountry "CAN"]
[SourceTitle "EXT 2022"]
[Source "ChessBase"]
[SourceDate "2021.10.06"]
[SourceVersion "1"]
[SourceVersionDate "2021.10.06"]
[SourceQuality "1"]

1. c4 g6 2. Nc3 Bg7 3. Nf3 d6 4. e4 e5 5. d3 h6 6. Be2 Nf6 7. O-O O-O 8. Ne1 Nc6 9. f4 Nd4 10. h3 Nxe2+ 11. Nxe2 exf4 12. Bxf4 Nh5 13. Be3 Kh7 14. Qd2 c6 15. Nf3 a5 16. Rad1 Qe7 17. Nh2 d5 18. Ng4 g5 19. e5 Bxe5 20. Nxe5 Qxe5 21. Bd4 Qc7 22. Qc3 Ng3 23. Nxg3 Qxg3 24. Rf3 Qd6 25. Bg7 Be6 26. Qf6 1-0

[Event "Charlesbourg Festival 1"]
[Site "Charlesbourg CAN"]
[Date "2011.06.27"]
[Round "4"]
[White "Lessard, Claude"]
[Black "Glode, Martin"]
[Result "1-0"]
[WhiteElo "2061"]
[BlackElo "1822"]
[PlyCount "101"]
[GameId "2160767909704269"]
[EventDate "2011.06.06"]
[EventType "swiss"]
[EventRounds "5"]
[EventCountry "CAN"]
[SourceTitle "EXT 2022"]
[Source "ChessBase"]
[SourceDate "2021.10.06"]
[SourceVersion "1"]
[SourceVersionDate "2021.10.06"]
[SourceQuality "1"]

1. d4 d5 2. c4 c6 3. Nc3 Nf6 4. e3 a6 5. cxd5 cxd5 6. Bd3 Nc6 7. h3 e6 8. Nge2 Bd6 9. O-O O-O 10. f4 b5 11. Bd2 Bb7 12. Rc1 Rc8 13. Be1 Na5 14. b3 Ba3 15. Rc2 Nc6 16. Nb1 Be7 17. Nd2 Nb4 18. Rxc8 Qxc8 19. Bb1 Qc7 20. Ng3 Rc8 21. Nf3 Qc1 22. Qxc1 Rxc1 23. Bd2 Rxf1+ 24. Kxf1 Ne4 25. Bxe4 dxe4 26. Bxb4 Bxb4 27. Ng5 Bd2 28. Ke2 Bc1 29. N5xe4 Bxe4 30. Nxe4 Kf8 31. g4 Ke7 32. Nc5 a5 33. a4 bxa4 34. bxa4 Ba3 35. Nb3 Bb4 36. Kd3 Kd6 37. Kc4 Kc6 38. e4 f6 39. f5 exf5 40. gxf5 g6 41. fxg6 hxg6 42. Nc1 Bd2 43. Nd3 Kd6 44. Nc5 Bb4 45. e5+ fxe5 46. dxe5+ Ke7 47. Nd3 Bd2 48. Kd5 Be3 49. e6 g5 50. Ne5 Ke8 51. Nc6 1-0

[Event "Charlesbourg Festival 1"]
[Site "Charlesbourg CAN"]
[Date "2011.07.04"]
[Round "5"]
[White "Chiffot, Nicolas"]
[Black "Glode, Martin"]
[Result "1-0"]
[WhiteElo "2067"]
[BlackElo "1822"]
[PlyCount "51"]
[GameId "2160767909704270"]
[EventDate "2011.06.06"]
[EventType "swiss"]
[EventRounds "5"]
[EventCountry "CAN"]
[SourceTitle "EXT 2022"]
[Source "ChessBase"]
[SourceDate "2021.10.06"]
[SourceVersion "1"]
[SourceVersionDate "2021.10.06"]
[SourceQuality "1"]

1. d4 d5 2. c4 c6 3. Nf3 Nf6 4. Qb3 a6 5. Bf4 dxc4 6. Qxc4 Qd5 7. Qc1 Bf5 8. Nc3 Qa5 9. g3 Nbd7 10. Bg2 Ne4 11. O-O h6 12. Nd2 Nxc3 13. bxc3 e5 14. Nc4 Qa4 15. Nxe5 Ba3 16. Qd2 Nxe5 17. Bxe5 f6 18. Qf4 Be6 19. Bd6 Bb2 20. Rab1 Qxa2 21. Bc5 Rd8 22. Qd2 Ba3 23. Qxa2 Bxa2 24. Bxa3 Bxb1 25. Rxb1 Rd7 26. Bh3 1-0

[Event "Charlesbourg Festival 1"]
[Site "Charlesbourg CAN"]
[Date "2011.07.04"]
[Round "5"]
[White "Fecteau, Martin"]
[Black "Dorion, Francois"]
[Result "1-0"]
[WhiteElo "2042"]
[BlackElo "1738"]
[PlyCount "70"]
[GameId "2160767909704271"]
[EventDate "2011.06.06"]
[EventType "swiss"]
[EventRounds "5"]
[EventCountry "CAN"]
[SourceTitle "EXT 2022"]
[Source "ChessBase"]
[SourceDate "2021.10.06"]
[SourceVersion "1"]
[SourceVersionDate "2021.10.06"]
[SourceQuality "1"]

1. d4 d5 2. Nf3 e6 3. c4 c5 4. cxd5 exd5 5. g3 Nf6 6. Bg2 Be7 7. O-O O-O 8. Nc3 Nc6 9. e3 Bf5 10. dxc5 Bxc5 11. Nd4 Bxd4 12. exd4 Qd7 13. Bg5 Ne4 14. Be3 Bh3 15. Bxh3 Qxh3 16. Nxd5 Rad8 17. Nf4 Qf5 18. Qa4 Nf6 19. Rad1 g5 20. Ng2 Rd5 21. f3 Rfd8 22. g4 Qg6 23. Bf2 h5 24. h3 hxg4 25. fxg4 Kg7 26. Ne3 Qe4 27. Nf5+ Rxf5 28. gxf5 Qxf5 29. Qb3 Nd5 30. Bg3 Nf4 31. Bxf4 gxf4 32. Qf3 Rd6 33. Qxf4 Rg6+ 34. Kh2 Qd5 35. Rg1 Qxa2 1-0

[Event "Charlesbourg Festival 1"]
[Site "Charlesbourg CAN"]
[Date "2011.07.04"]
[Round "5"]
[White "Lessard, Claude"]
[Black "Beaudoin, Stephane"]
[Result "0-1"]
[WhiteElo "2085"]
[BlackElo "2010"]
[PlyCount "70"]
[GameId "2160767909704272"]
[EventDate "2011.06.06"]
[EventType "swiss"]
[EventRounds "5"]
[EventCountry "CAN"]
[SourceTitle "EXT 2022"]
[Source "ChessBase"]
[SourceDate "2021.10.06"]
[SourceVersion "1"]
[SourceVersionDate "2021.10.06"]
[SourceQuality "1"]

1. d4 Nf6 2. c4 g6 3. Nc3 Bg7 4. e4 d6 5. h3 O-O 6. Nf3 c5 7. dxc5 Qa5 8. Bd3 Nc6 9. O-O Qxc5 10. a3 Qb6 11. Be3 Qd8 12. Rc1 Nd7 13. b4 b6 14. Nh2 Bb7 15. f4 Rc8 16. Qe1 a5 17. b5 Nd4 18. Rd1 Nc5 19. Bb1 Ncb3 20. Ba2 Nc2 21. Qf2 Nxe3 22. Qxe3 Nc5 23. e5 Qc7 24. exd6 exd6 25. Nd5 Bxd5 26. Rxd5 Rce8 27. Qf3 Ne4 28. Rc1 Nf6 29. Rdd1 Qc5+ 30. Kh1 Re3 31. Qc6 Ne4 32. Qxc5 dxc5 33. Re1 Ng3+ 34. Kg1 Rxe1+ 35. Rxe1 Bd4+ 0-1

[Event "Charlesbourg Le Khalif"]
[Site "Charlesbourg CAN"]
[Date "2011.02.07"]
[Round "1"]
[White "Bouchard, Dominic"]
[Black "Cote, Jocelyn"]
[Result "0-1"]
[WhiteElo "1313"]
[BlackElo "1752"]
[PlyCount "26"]
[GameId "2160767909812694"]
[EventDate "2011.02.07"]
[EventType "swiss"]
[EventRounds "5"]
[EventCountry "CAN"]
[SourceTitle "EXT 2022"]
[Source "ChessBase"]
[SourceDate "2021.10.06"]
[SourceVersion "1"]
[SourceVersionDate "2021.10.06"]
[SourceQuality "1"]

1. e4 c5 2. Nf3 g6 3. d4 cxd4 4. Nxd4 Bg7 5. Nc3 Nc6 6. Be3 Nf6 7. f3 O-O 8. Qd2 d5 9. O-O-O dxe4 10. Nxe4 Nxd4 11. Nxf6+ Bxf6 12. Bh6 Qc7 13. Bxf8 Bg5 0-1

[Event "Charlesbourg Le Khalif"]
[Site "Charlesbourg CAN"]
[Date "2011.02.07"]
[Round "1"]
[White "Tremblay, Rejean"]
[Black "Chouinard, Marc"]
[Result "1-0"]
[WhiteElo "2338"]
[BlackElo "1641"]
[PlyCount "43"]
[GameId "2160767909812695"]
[EventDate "2011.02.07"]
[EventType "swiss"]
[EventRounds "5"]
[EventCountry "CAN"]
[SourceTitle "EXT 2022"]
[Source "ChessBase"]
[SourceDate "2021.10.06"]
[SourceVersion "1"]
[SourceVersionDate "2021.10.06"]
[SourceQuality "1"]

1. e4 d5 2. exd5 Qxd5 3. Nc3 Qa5 4. Bc4 Nf6 5. Nf3 Bg4 6. h3 Bxf3 7. Qxf3 c6 8. O-O e6 9. d4 Bd6 10. Bd2 Qc7 11. Rfe1 O-O 12. Ne4 Nxe4 13. Rxe4 Nd7 14. Bd3 Nf6 15. Rh4 Be7 16. Bg5 h6 17. Bf4 Qd8 18. Bxh6 Nh7 19. Qg4 Bf6 20. Bxh7+ Kxh7 21. Bg5+ Kg8 22. Qh5 1-0

[Event "Charlesbourg Le Khalif"]
[Site "Charlesbourg CAN"]
[Date "2011.02.14"]
[Round "2"]
[White "Arteau, Benoit"]
[Black "Tremblay, Rejean"]
[Result "0-1"]
[WhiteElo "1824"]
[BlackElo "2338"]
[PlyCount "144"]
[GameId "2160767909812696"]
[EventDate "2011.02.07"]
[EventType "swiss"]
[EventRounds "5"]
[EventCountry "CAN"]
[SourceTitle "EXT 2022"]
[Source "ChessBase"]
[SourceDate "2021.10.06"]
[SourceVersion "1"]
[SourceVersionDate "2021.10.06"]
[SourceQuality "1"]

1. d4 Nf6 2. c4 g6 3. g3 Bg7 4. Bg2 O-O 5. e4 d6 6. Ne2 Nc6 7. O-O e5 8. d5 Na5 9. Qa4 b6 10. Bd2 Nb7 11. b4 a5 12. b5 Nc5 13. Qc2 Nh5 14. Nbc3 f5 15. f3 f4 16. g4 Nf6 17. h3 Ne8 18. Nc1 Rf7 19. Nd3 Nd7 20. Be1 Bf6 21. Kf2 Bh4+ 22. Ke2 Bxe1 23. Raxe1 Nf8 24. Kd1 g5 25. Re2 Ng6 26. Ne1 Nf6 27. Rh1 Nh4 28. Rf2 h5 29. Bf1 Rh7 30. Be2 hxg4 31. hxg4 Ng2 32. Rxh7 Ne3+ 33. Kd2 Nxc2 34. Rh6 Nxe1 35. Kxe1 Kg7 36. Rfh2 Bd7 37. a4 Qe7 38. Nd1 Rg8 39. Nf2 Be8 40. Nd3 Bg6 41. Nf2 Kf8 42. Kd2 Ke8 43. Bd3 Kd8 44. Be2 Kc8 45. Bd3 Kb8 46. Be2 Ka7 47. Bd3 Nd7 48. Rh1 Nc5 49. Bc2 Nb7 50. Bd3 Nd8 51. R6h2 Nf7 52. Rh3 Qf6 53. R3h2 Rh8 54. Rh3 Rxh3 55. Rxh3 Qg7 56. Rh2 Bh7 57. Rh3 Nh8 58. Rh2 Ng6 59. Rh1 Nh4 60. Ke2 Bg6 61. Rh3 Be8 62. Rh1 Kb8 63. Rh3 Kc8 64. Rh1 Kd8 65. Rh3 Ke7 66. Rh1 Kf6 67. Rh3 c6 68. bxc6 Bxc6 69. dxc6 Qc7 70. Rh1 Qxc6 71. Ra1 Qc5 72. Nd1 Qg1 0-1

[Event "Charlesbourg Le Khalif"]
[Site "Charlesbourg CAN"]
[Date "2011.02.14"]
[Round "2"]
[White "Beauchesne, Jonathan"]
[Black "Plante, Rejean"]
[Result "0-1"]
[WhiteElo "1684"]
[BlackElo "2005"]
[PlyCount "92"]
[GameId "2160767909812697"]
[EventDate "2011.02.07"]
[EventType "swiss"]
[EventRounds "5"]
[EventCountry "CAN"]
[SourceTitle "EXT 2022"]
[Source "ChessBase"]
[SourceDate "2021.10.06"]
[SourceVersion "1"]
[SourceVersionDate "2021.10.06"]
[SourceQuality "1"]

1. e4 c5 2. Nf3 e6 3. c3 d5 4. exd5 exd5 5. d4 Nc6 6. Be2 Bd6 7. h3 Nge7 8. O-O O-O 9. Na3 a6 10. Nc2 c4 11. Ne3 h6 12. Qc2 f5 13. Nxc4 dxc4 14. Bxc4+ Kh8 15. Re1 Qc7 16. Be6 Rf6 17. Bxc8 Rxc8 18. Qd3 Nd5 19. Bd2 Nf4 20. Bxf4 Bxf4 21. Re2 b5 22. Rae1 Bd6 23. Re8+ Rxe8 24. Rxe8+ Kh7 25. a4 Qd7 26. Ra8 Ne7 27. axb5 axb5 28. Ra5 b4 29. Qb5 Qd8 30. c4 Nc6 31. Ra6 Nb8 32. Ra8 Qc7 33. c5 Bf4 34. Ne5 Nc6 35. Nxc6 Rxc6 36. Qxb4 Re6 37. Ra1 Re4 38. Rd1 Qd7 39. Qc4 Be5 40. c6 Qd6 41. Qf7 Rxd4 42. Qxf5+ Kg8 43. Qc8+ Kf7 44. Qb7+ Kf6 45. Rxd4 Qxd4 46. g3 Bxg3 0-1

[Event "Charlesbourg Le Khalif"]
[Site "Charlesbourg CAN"]
[Date "2011.02.14"]
[Round "2"]
[White "Beaudoin, Stephane"]
[Black "Boissinot, Claude"]
[Result "1-0"]
[WhiteElo "1998"]
[BlackElo "1510"]
[PlyCount "111"]
[GameId "2160767909812698"]
[EventDate "2011.02.07"]
[EventType "swiss"]
[EventRounds "5"]
[EventCountry "CAN"]
[SourceTitle "EXT 2022"]
[Source "ChessBase"]
[SourceDate "2021.10.06"]
[SourceVersion "1"]
[SourceVersionDate "2021.10.06"]
[SourceQuality "1"]

1. e4 c5 2. Nf3 d6 3. d4 cxd4 4. Nxd4 Nf6 5. Nc3 a6 6. Be3 Qc7 7. Qd2 e6 8. O-O-O Nc6 9. f3 Nxd4 10. Bxd4 Be7 11. g4 e5 12. Be3 Be6 13. g5 Nd7 14. h4 O-O-O 15. Bh3 Bxh3 16. Rxh3 Qa5 17. Kb1 Kb8 18. Nd5 Qxd2 19. Rxd2 Bf8 20. f4 f6 21. f5 Rc8 22. Rg3 Rc4 23. Rg4 Nc5 24. Bxc5 Rxc5 25. gxf6 gxf6 26. Nxf6 Rc7 27. Rdg2 Bh6 28. Nd5 Rc4 29. c3 Rc6 30. Kc2 Ka7 31. h5 a5 32. Ne7 Rc7 33. Ng8 Bf8 34. Nf6 Bh6 35. Nd5 Rc6 36. a4 Rc5 37. b3 b5 38. axb5 Rxb5 39. Rg8 Rb8 40. Rxh8 Rxh8 41. Kd3 Kb7 42. Ra2 Ra8 43. Nf6 Bf4 44. Rg2 h6 45. Rg7+ Kc6 46. Nd5 Rb8 47. Rc7+ Kb5 48. f6 Bg5 49. f7 Ka6 50. Kc4 Bh4 51. Rc6+ Ka7 52. Rxd6 Bg5 53. Rd7+ Ka6 54. Nc7+ Kb6 55. Ne8 Rc8+ 56. Kd3 1-0

[Event "Charlesbourg Le Khalif"]
[Site "Charlesbourg CAN"]
[Date "2011.02.14"]
[Round "2"]
[White "Cote, Jocelyn"]
[Black "Lessard, Claude"]
[Result "0-1"]
[WhiteElo "1752"]
[BlackElo "2072"]
[PlyCount "96"]
[GameId "2160767909812699"]
[EventDate "2011.02.07"]
[EventType "swiss"]
[EventRounds "5"]
[EventCountry "CAN"]
[SourceTitle "EXT 2022"]
[Source "ChessBase"]
[SourceDate "2021.10.06"]
[SourceVersion "1"]
[SourceVersionDate "2021.10.06"]
[SourceQuality "1"]

1. e4 c6 2. d4 d5 3. f3 g6 4. Nc3 Bg7 5. Be3 h5 6. Qd2 Nf6 7. e5 Ng8 8. h3 e6 9. g3 a6 10. Rh2 c5 11. f4 cxd4 12. Bxd4 Nc6 13. Bc5 g5 14. Nf3 gxf4 15. gxf4 Qa5 16. Be3 Nge7 17. Qf2 Nf5 18. Bd2 Qc7 19. O-O-O Bd7 20. Bd3 Nce7 21. Rg2 Bh6 22. Rdg1 O-O-O 23. Ng5 Bxg5 24. Rxg5 Bc6 25. Kb1 h4 26. Ne2 d4 27. Nc1 Ng3 28. Nb3 Ne4 29. Qe1 Nxg5 30. Rxg5 Bb5 31. Bxb5 axb5 32. Ba5 b6 33. Bb4 Nf5 34. Rg2 Rhg8 35. Rd2 Rg3 36. a3 Qc4 37. Bd6 Qd5 38. Nxd4 Nxd4 39. Qd1 Rxh3 40. Rxd4 Qh1 41. c3 Qxd1+ 42. Rxd1 Rf3 43. Rh1 Rxf4 44. Be7 Rh8 45. Bf6 Rh5 46. Rh3 Kd7 47. Ka2 Kc6 48. Kb3 Kd5 0-1

[Event "Charlesbourg Le Khalif"]
[Site "Charlesbourg CAN"]
[Date "2011.02.14"]
[Round "2"]
[White "Doyon, Stephane"]
[Black "Bouchard, Dominic"]
[Result "1-0"]
[WhiteElo "1635"]
[BlackElo "1313"]
[PlyCount "56"]
[GameId "2160767909812700"]
[EventDate "2011.02.07"]
[EventType "swiss"]
[EventRounds "5"]
[EventCountry "CAN"]
[SourceTitle "EXT 2022"]
[Source "ChessBase"]
[SourceDate "2021.10.06"]
[SourceVersion "1"]
[SourceVersionDate "2021.10.06"]
[SourceQuality "1"]

1. e4 c5 2. Nc3 d6 3. g3 Nf6 4. Bg2 e6 5. d3 Be7 6. f4 O-O 7. Nf3 h6 8. O-O Nc6 9. h3 Qc7 10. g4 Nh7 11. Ne2 b5 12. Ng3 Nd4 13. Nh2 Bh4 14. Ne2 Bb7 15. Nxd4 cxd4 16. Nf3 Bf6 17. g5 hxg5 18. fxg5 Be7 19. Rf2 e5 20. Bd2 b4 21. h4 a5 22. h5 Bc8 23. g6 fxg6 24. hxg6 Nf6 25. Nxd4 exd4 26. e5 Ng4 27. Bd5+ Kh8 28. Qxg4 Rxf2 1-0

[Event "Charlesbourg Le Khalif"]
[Site "Charlesbourg CAN"]
[Date "2011.02.14"]
[Round "2"]
[White "Perron, Jonathan"]
[Black "Glode, Martin"]
[Result "1-0"]
[WhiteElo "2129"]
[BlackElo "1826"]
[PlyCount "55"]
[GameId "2160767909812701"]
[EventDate "2011.02.07"]
[EventType "swiss"]
[EventRounds "5"]
[EventCountry "CAN"]
[SourceTitle "EXT 2022"]
[Source "ChessBase"]
[SourceDate "2021.10.06"]
[SourceVersion "1"]
[SourceVersionDate "2021.10.06"]
[SourceQuality "1"]

1. e4 e6 2. d4 d5 3. Nd2 c5 4. exd5 Qxd5 5. Ngf3 cxd4 6. Bc4 Qd6 7. O-O Nf6 8. Nb3 Nc6 9. Nbxd4 Nxd4 10. Nxd4 a6 11. Bd3 Bd7 12. Nf3 Qc7 13. Qe2 Bd6 14. Re1 Nd5 15. g3 Nb4 16. Be4 Bc6 17. c3 Bxe4 18. Qxe4 Nc6 19. Bg5 h6 20. Be3 Ne7 21. Nd4 O-O-O 22. a4 Qc4 23. Qg4 Nf5 24. b3 Nxe3 25. Rxe3 Qc7 26. Qxg7 Rdg8 27. Qf6 Rg6 28. Qxh8+ 1-0

[Event "Charlesbourg Le Khalif"]
[Site "Charlesbourg CAN"]
[Date "2011.02.21"]
[Round "3"]
[White "Lessard, Claude"]
[Black "Beaudoin, Stephane"]
[Result "1-0"]
[WhiteElo "2072"]
[BlackElo "1998"]
[PlyCount "93"]
[GameId "2160767909812702"]
[EventDate "2011.02.07"]
[EventType "swiss"]
[EventRounds "5"]
[EventCountry "CAN"]
[SourceTitle "EXT 2022"]
[Source "ChessBase"]
[SourceDate "2021.10.06"]
[SourceVersion "1"]
[SourceVersionDate "2021.10.06"]
[SourceQuality "1"]

1. d4 Nf6 2. Nf3 g6 3. Nc3 Bg7 4. e4 d6 5. Bg5 h6 6. Bxf6 exf6 7. Bc4 O-O 8. O-O Nc6 9. h3 Ne7 10. Qe2 c6 11. a4 g5 12. e5 Ng6 13. exd6 Re8 14. Qd2 Qxd6 15. Rfe1 Bf5 16. Ne2 Be4 17. Ra3 Bxf3 18. Rxf3 Ne5 19. Rc3 Nxc4 20. Rxc4 f5 21. Ng3 Qd5 22. Rb4 c5 23. Rb5 Qxd4 24. Rxe8+ Rxe8 25. Qxd4 Re1+ 26. Kh2 Bxd4 27. Nxf5 Bxf2 28. Rxb7 h5 29. g4 hxg4 30. Nh6+ Kg7 31. Nf5+ Kf6 32. hxg4 Re2 33. c3 Be1+ 34. Kg1 Re4 35. Rxf7+ Kxf7 36. Nd6+ Ke6 37. Nxe4 Kd5 38. Nxg5 Kc4 39. Ne4 Kd5 40. Kf1 Bh4 41. Nd2 Bf6 42. Ke2 c4 43. Nf3 Ke4 44. g5 Be7 45. g6 Bf8 46. Nd4 Ke5 47. Nc6+ 1-0

[Event "Charlesbourg Le Khalif"]
[Site "Charlesbourg CAN"]
[Date "2011.02.21"]
[Round "3"]
[White "Plante, Rejean"]
[Black "Perron, Jonathan"]
[Result "1/2-1/2"]
[WhiteElo "2005"]
[BlackElo "2129"]
[PlyCount "43"]
[GameId "2160767909812703"]
[EventDate "2011.02.07"]
[EventType "swiss"]
[EventRounds "5"]
[EventCountry "CAN"]
[SourceTitle "EXT 2022"]
[Source "ChessBase"]
[SourceDate "2021.10.06"]
[SourceVersion "1"]
[SourceVersionDate "2021.10.06"]
[SourceQuality "1"]

1. e4 c5 2. Nf3 d6 3. Bb5+ Nc6 4. O-O Bd7 5. c3 a6 6. Bxc6 Bxc6 7. Re1 e6 8. d4 cxd4 9. cxd4 Nf6 10. Nc3 Be7 11. Bg5 d5 12. e5 Ne4 13. Bxe7 Qxe7 14. Nxe4 dxe4 15. Nd2 Qb4 16. Nxe4 Bxe4 17. Rxe4 Qxb2 18. Re2 Qb5 19. Rb1 Qd5 20. Rb6 Rd8 21. Qa4+ Qd7 22. Qb4 1/2-1/2

[Event "Charlesbourg Le Khalif"]
[Site "Charlesbourg CAN"]
[Date "2011.02.21"]
[Round "3"]
[White "Tremblay, Rejean"]
[Black "Fecteau, Martin"]
[Result "1-0"]
[WhiteElo "2338"]
[BlackElo "2060"]
[PlyCount "63"]
[GameId "2160767909812704"]
[EventDate "2011.02.07"]
[EventType "swiss"]
[EventRounds "5"]
[EventCountry "CAN"]
[SourceTitle "EXT 2022"]
[Source "ChessBase"]
[SourceDate "2021.10.06"]
[SourceVersion "1"]
[SourceVersionDate "2021.10.06"]
[SourceQuality "1"]

1. e4 c5 2. Nf3 e6 3. d4 cxd4 4. Nxd4 Nc6 5. Nb5 d6 6. c4 a6 7. N5c3 Nf6 8. Be2 Be7 9. Be3 O-O 10. O-O Qc7 11. Nd2 b6 12. Rc1 Qb8 13. f3 Nd7 14. a3 Bb7 15. b4 Nce5 16. f4 Ng6 17. Nf3 Qd8 18. Nd4 Rc8 19. f5 exf5 20. Nxf5 Nde5 21. Nd5 Bxd5 22. Qxd5 Qc7 23. Qd4 Rb8 24. Rcd1 Rfd8 25. Kh1 Nf8 26. Qd5 Ne6 27. Nxe7+ Qxe7 28. c5 Nc7 29. cxd6 Nxd5 30. dxe7 Nxe7 31. Bxb6 Re8 32. Bc7 1-0

[Event "Charlesbourg Le Khalif"]
[Site "Charlesbourg CAN"]
[Date "2011.02.28"]
[Round "4"]
[White "Beaudoin, Stephane"]
[Black "Garneau, Benoit"]
[Result "1-0"]
[WhiteElo "1998"]
[BlackElo "1750"]
[PlyCount "50"]
[GameId "2160767909812705"]
[EventDate "2011.02.07"]
[EventType "swiss"]
[EventRounds "5"]
[EventCountry "CAN"]
[SourceTitle "EXT 2022"]
[Source "ChessBase"]
[SourceDate "2021.10.06"]
[SourceVersion "1"]
[SourceVersionDate "2021.10.06"]
[SourceQuality "1"]

1. e4 c5 2. Nf3 g6 3. Bc4 Bg7 4. O-O Nc6 5. c3 d6 6. d4 Nf6 7. dxc5 Nxe4 8. Bxf7+ Kxf7 9. Qd5+ Be6 10. Qxe4 Bf5 11. Qe2 Rf8 12. cxd6 exd6 13. Bg5 Qd7 14. Nbd2 Rae8 15. Qc4+ d5 16. Qa4 h6 17. Be3 b5 18. Qxb5 Rb8 19. Qa4 Rxb2 20. Nb3 Be4 21. Nc5 Qe8 22. Nxe4 dxe4 23. Nd2 Kg8 24. Nxe4 Qe6 25. Nc5 Qf6 1-0

[Event "Charlesbourg Le Khalif"]
[Site "Charlesbourg CAN"]
[Date "2011.02.28"]
[Round "4"]
[White "Fecteau, Martin"]
[Black "Plante, Rejean"]
[Result "1/2-1/2"]
[WhiteElo "2060"]
[BlackElo "2005"]
[PlyCount "98"]
[GameId "2160767909812706"]
[EventDate "2011.02.07"]
[EventType "swiss"]
[EventRounds "5"]
[EventCountry "CAN"]
[SourceTitle "EXT 2022"]
[Source "ChessBase"]
[SourceDate "2021.10.06"]
[SourceVersion "1"]
[SourceVersionDate "2021.10.06"]
[SourceQuality "1"]

1. d4 Nf6 2. c4 c5 3. d5 Ne4 4. Nd2 Qa5 5. f3 Nd6 6. Kf2 g6 7. e3 Bg7 8. Bd3 b5 9. Ne2 bxc4 10. Nxc4 Nxc4 11. Bxc4 Ba6 12. Bd2 Qb6 13. Bxa6 Qxa6 14. Bc3 O-O 15. h4 d6 16. Bxg7 Kxg7 17. h5 Nd7 18. Qd2 Nf6 19. Nf4 Qb6 20. Rac1 Rab8 21. b3 Qb4 22. Qe2 g5 23. h6+ Kh8 24. Rc4 Qb7 25. Nh5 Nxh5 26. Rxh5 Qxd5 27. Rh1 f5 28. f4 g4 29. Rh5 Qf7 30. Qb2+ Qf6 31. Qd2 Rg8 32. Qd3 Rbf8 33. Ra4 g3+ 34. Ke2 Qb2+ 35. Qd2 Qb1 36. Qc3+ Rf6 37. Qe1 Qc2+ 38. Qd2 Qxd2+ 39. Kxd2 Ra8 40. Ke2 Kg8 41. Kf3 Kf7 42. Kxg3 a5 43. Kf3 d5 44. g4 fxg4+ 45. Kxg4 Ke6 46. e4 Rg8+ 47. Kf3 dxe4+ 48. Rxe4+ Kd6 49. Ree5 Rgf8 1/2-1/2

[Event "Charlesbourg Le Khalif"]
[Site "Charlesbourg CAN"]
[Date "2011.02.28"]
[Round "4"]
[White "Lessard, Claude"]
[Black "Tremblay, Rejean"]
[Result "0-1"]
[WhiteElo "2074"]
[BlackElo "2338"]
[PlyCount "64"]
[GameId "2160767909812707"]
[EventDate "2011.02.07"]
[EventType "swiss"]
[EventRounds "5"]
[EventCountry "CAN"]
[SourceTitle "EXT 2022"]
[Source "ChessBase"]
[SourceDate "2021.10.06"]
[SourceVersion "1"]
[SourceVersionDate "2021.10.06"]
[SourceQuality "1"]

1. d4 Nf6 2. c4 e6 3. Nc3 Bb4 4. Nf3 c5 5. e3 Nc6 6. a3 Bxc3+ 7. bxc3 d6 8. d5 Na5 9. dxe6 Bxe6 10. Ng5 Bg4 11. f3 Bh5 12. Qa4+ Nc6 13. Rb1 Qe7 14. Bd3 Bg6 15. Bxg6 hxg6 16. Qb5 Nd7 17. f4 Nb6 18. a4 f6 19. Nf3 Qe4 20. O-O O-O 21. Re1 Nxc4 22. Qb3 Rf7 23. Qa2 d5 24. Nd2 Nxd2 25. Bxd2 b6 26. c4 Qxc4 27. Qxc4 dxc4 28. Rec1 Rd8 29. Be1 Re7 30. Kf2 Rd3 31. Rxc4 Rexe3 32. a5 Rb3 0-1

[Event "Charlesbourg Le Khalif"]
[Site "Charlesbourg CAN"]
[Date "2011.03.07"]
[Round "5"]
[White "Glode, Martin"]
[Black "Lessard, Claude"]
[Result "0-1"]
[WhiteElo "1826"]
[BlackElo "2072"]
[PlyCount "46"]
[GameId "2160767909812708"]
[EventDate "2011.02.07"]
[EventType "swiss"]
[EventRounds "5"]
[EventCountry "CAN"]
[SourceTitle "EXT 2022"]
[Source "ChessBase"]
[SourceDate "2021.10.06"]
[SourceVersion "1"]
[SourceVersionDate "2021.10.06"]
[SourceQuality "1"]

1. e4 c6 2. d4 d5 3. exd5 cxd5 4. Bd3 Nc6 5. c3 Nf6 6. Bf4 Bg4 7. Qb3 Qc8 8. Nd2 e6 9. Ngf3 Be7 10. O-O O-O 11. Rae1 Bh5 12. Ne5 Nxe5 13. Bxe5 Nd7 14. Bg3 a6 15. f4 Bd6 16. Re3 Qc6 17. Kh1 Rfe8 18. Rfe1 Nf6 19. h3 Bg6 20. f5 Bxg3 21. Rxg3 exf5 22. Rge3 Ne4 23. Nf3 f4 0-1

[Event "Charlesbourg Le Khalif"]
[Site "Charlesbourg CAN"]
[Date "2011.03.07"]
[Round "5"]
[White "Lapierre, Gaetan"]
[Black "Fecteau, Martin"]
[Result "1-0"]
[WhiteElo "1891"]
[BlackElo "2060"]
[PlyCount "150"]
[GameId "2160767909812709"]
[EventDate "2011.02.07"]
[EventType "swiss"]
[EventRounds "5"]
[EventCountry "CAN"]
[SourceTitle "EXT 2022"]
[Source "ChessBase"]
[SourceDate "2021.10.06"]
[SourceVersion "1"]
[SourceVersionDate "2021.10.06"]
[SourceQuality "1"]

1. d4 d5 2. Nf3 Nf6 3. g3 e6 4. Bg2 c5 5. c3 Nc6 6. O-O Be7 7. Nbd2 cxd4 8. Nxd4 Nxd4 9. cxd4 O-O 10. e4 Qb6 11. e5 Nd7 12. Nf3 f6 13. exf6 Bxf6 14. b3 Re8 15. Bf4 Nb8 16. Qd2 Nc6 17. Rfd1 Bd7 18. Bg5 Rf8 19. Bxf6 Rxf6 20. Qe3 Raf8 21. Rd2 Qb4 22. Rad1 Qd6 23. Ne5 Be8 24. f4 Bh5 25. Rf1 Rd8 26. g4 Be8 27. h4 Rf8 28. Rdf2 Bd7 29. g5 Bc8 30. Ng4 Ne7 31. h5 Nf5 32. Qd3 b5 33. h6 b4 34. hxg7 Kxg7 35. Rd1 Qc7 36. Qh3 Kh8 37. Ne5 Qg7 38. g6 Kg8 39. gxh7+ Kh8 40. Qh5 Rf6 41. Qg5 Rdf8 42. Rd3 Rh6 43. Bh3 Qxh7 44. Rg2 Rg8 45. Qxg8+ Qxg8 46. Rxg8+ Kxg8 47. Bxf5 exf5 48. Rg3+ Kf8 49. Rg5 Ra6 50. Rg2 Rb6 51. Rc2 Be6 52. Rc6 Rxc6 53. Nxc6 Ke8 54. Nxb4 Kd7 55. Na6 Kc6 56. a4 Bf7 57. b4 Bh5 58. Kf2 Bd1 59. Nc5 Bc2 60. Ke3 Bb1 61. Kd2 Ba2 62. Kc3 Bb1 63. b5+ Kb6 64. Kb4 Ba2 65. a5+ Kc7 66. Nd3 Kd6 67. Ne5 Bb1 68. b6 axb6 69. axb6 Ba2 70. Ka5 Bc4 71. Nf7+ Kc6 72. Nd8+ Kd6 73. Kb4 Ba6 74. b7 Kc7 75. Kc5 Kb8 1-0